ANUTA: Social structure of a Polynesian Island

Αποθηκεύτηκε σε:
Λεπτομέρειες βιβλιογραφικής εγγραφής
Κύριος συγγραφέας: Richard Feinberg
Μορφή: Βιβλίο
Γλώσσα:Undetermined
Έκδοση: Hawaii Denmark 1981
Θέματα:
Ετικέτες: Προσθήκη ετικέτας
Δεν υπάρχουν, Καταχωρήστε ετικέτα πρώτοι!
Thư viện lưu trữ: Trung tâm Học liệu Trường Đại học Cần Thơ
LEADER 00453nam a2200169Ia 4500
001 CTU_5673
008 210402s9999 xx 000 0 und d
082 |a 305.89915 
082 |b F299 
100 |a Richard Feinberg 
245 0 |a ANUTA: Social structure of a Polynesian Island 
245 0 |c Richard Feinberg 
260 |a Hawaii 
260 |b Denmark 
260 |c 1981 
650 |a ethnology 
980 |a Trung tâm Học liệu Trường Đại học Cần Thơ